I regni della corona ungherese e Roma nel periodo 1628-1635 (in base alle "Nuntiaturberichte")
| Titel: | I regni della corona ungherese e Roma nel periodo 1628-1635 (in base alle "Nuntiaturberichte") / Péter Tusor |
|---|---|
| Verfasser: | |
| In: |
Römische historische Mitteilungen, Band 60 (2018 [2019]), Seite 75-99 alle Artikel anzeigen |
| Veröffentlicht: | 2018 |
| Format: | Aufsatz |
| Sprache: | Italienisch |
X
alg: 47315683 001A $03025:02-12-20 001B $03025:13-07-23 $t13:10:52.000 001D $03025:02-12-20 001U $0utf8 001X $00 002@ $0Aou 002C $aText $btxt $2rdacontent 002D $aohne Hilfsmittel zu benutzen $bn $2rdamedia 002E $aBand $bnc $2rdacarrier 003@ $0473156830 007A $0473156830 $aHEB 010@ $aita 010E $erda 011@ $a2019 $n2018 021A $aI regni della corona ungherese e Roma nel periodo 1628-1635 (in base alle "Nuntiaturberichte") $hPéter Tusor 028A $BVerfasser $4aut $71122865686 $8Tusor, Péter$Z1967- [Tp3] $9397649126 031A $d60 $h75-99 $j2018 [2019] 039B $aEnthalten in $8--Abvc--. Römische historische Mitteilungen . - Wien : Verl. d. Österreichischen Akad. d. Wissenschaften, 1958-. - ISSN 0080-3790 $x201800000600000925 $9047289082 044K $RÖsterreich-Ungarn $#Ungarn $#Ungarn $#Ungarische Räterepublik $#Königreich Ungarn $#Die @Länder der ungarischen Krone $#Transleithanien $#Magyarország $#Magyar Köztársaság $#Magyar Tanácsköztársaság $#Government of the Hungarian Republic $#Zemalja Ugarske Krune $#VNR $#Ungern $#Ungarische Republik $#Republik Ungarn $#Ungarische Volksrepublik $#Volksrepublik Ungarn $#Magyar Népköztársaság $#Hungary $#Hungarian Republic $#Hongrie $#Vengerskaja Narodnaja Respublika $#Hungarian People's Republic $#HPR Hungarian People's Republic $#République Populaire Hongroise $#Ungarische VR $#Republic of Hungary $#Vengrija $74078541-5 $8Ungarn [Tgz] $9085222712 044K $RWeltpolitik $RAußenpolitik $RInternationales politisches System $#International relations $#Relations internationales $#Relazioni internazionali $#Relaciones internacionales $#Internationale Politik $#internationale Politik $#bilaterale Beziehungen $#internationale Beziehungen $#Internationale Beziehungen $#Politische Beziehungen Internationale Politik $#Zwischenstaatliche Beziehungen $74072885-7 $8Internationale Politik [Tsz] $9085205222 044K $RNuntius $RNuntiatur $74172180-9 $8Nuntiaturbericht [Ts1] $9085794937 045F $a200.943909032 $eDDC23BSB 045F/01 $a200.9 045F/03 $f09032 045F/03 $g439 045G $a909 $eDDC23BSB 045G/01 $a909 045G/03 $f09032 045G/03 $g439 045R $aGeschichte 1628-1635 045T $a1 $a8 lok: 47315683 78 exp: 47315683 78 1 #EPN 201B/01 $002-12-20 $t11:35:13.000 201C/01 $002-12-20 201U/01 $0utf8 203@/01 $01131605578 204P/01 $010.1553/rhm60s75 208@/01 $a02-12-20 $be 209A/01 $a/ $f000 $x00 209A/01 $ab*p $x01 220C/01 $apgar 244Z/01 $#Ungarn $#Ungarn $#Ungarische Räterepublik $#Königreich Ungarn $#Die @Länder der ungarischen Krone $#Transleithanien $#Magyarország $#Magyar Köztársaság $#Magyar Tanácsköztársaság $#Government of the Hungarian Republic $#Zemalja Ugarske Krune $#VNR $#Ungern $#Ungarische Republik $#Republik Ungarn $#Ungarische Volksrepublik $#Volksrepublik Ungarn $#Magyar Népköztársaság $#Hungary $#Hungarian Republic $#Hongrie $#Vengerskaja Narodnaja Respublika $#Hungarian People's Republic $#HPR Hungarian People's Republic $#République Populaire Hongroise $#Ungarische VR $#Republic of Hungary $#Vengrija $74078541-5 $8--Tgz--Ungarn $x01 $9085222712 244Z/01 $#Ostmitteleuropa $#Ostmitteleuropa $#Mitteleuropa, Ost $#Central Europe Ostmitteleuropa $#Mittelosteuropa $74075753-5 $8--Tg1--Ostmitteleuropa $x02 $9085214485 247C/01 $82080>Marburg/Lahn, Herder-Institut, Forschungsbibliothek, Bibliographieportal $9336309341
| LEADER | 00000caa a2200000 c 4500 | ||
|---|---|---|---|
| 001 | 473156830 | ||
| 003 | DE-603 | ||
| 005 | 20230713131052.0 | ||
| 007 | tu | ||
| 008 | 201202s2019 xx |||| | u00||u|ita c | ||
| 035 | |a (DE-599)HEB473156830 | ||
| 040 | |a DE-603 |b ger |c DE-603 |d DE-603 |e rda | ||
| 041 | |a ita | ||
| 082 | 0 | 4 | |8 1\u |a 200.943909032 |q DE-101 |2 23/BSB |
| 083 | 0 | |8 2\u |a 909 |q DE-101 |2 23/BSB | |
| 084 | |a 1 |a 8 |2 ssgn | ||
| 085 | |8 1\u |b 200.9 | ||
| 085 | |8 1\u |z 1 |s 09032 | ||
| 085 | |8 1\u |z 2 |s 439 | ||
| 085 | |8 2\u |b 909 | ||
| 085 | |8 2\u |z 1 |s 09032 | ||
| 085 | |8 2\u |z 2 |s 439 | ||
| 100 | 1 | |a Tusor, Péter |d 1967- |e Verfasser |4 aut |0 (DE-603)397649126 |0 (DE-588)1122865686 |2 gnd | |
| 245 | 0 | 0 | |a I regni della corona ungherese e Roma nel periodo 1628-1635 (in base alle "Nuntiaturberichte") |c Péter Tusor |
| 264 | 0 | |c 2018 | |
| 336 | |a Text |b txt |2 rdacontent | ||
| 337 | |a ohne Hilfsmittel zu benutzen |b n |2 rdamedia | ||
| 338 | |a Band |b nc |2 rdacarrier | ||
| 648 | 7 | |a Geschichte 1628-1635 |2 gnd | |
| 650 | 7 | |a Internationale Politik |0 (DE-588)4072885-7 |0 (DE-603)085205222 |2 gnd | |
| 650 | 7 | |a Nuntiaturbericht |0 (DE-588)4172180-9 |0 (DE-603)085794937 |2 gnd | |
| 651 | 7 | |a Ungarn |0 (DE-588)4078541-5 |0 (DE-603)085222712 |2 gnd | |
| 773 | 0 | 8 | |i Enthalten in |t Römische historische Mitteilungen |d Wien : Verl. d. Österreichischen Akad. d. Wissenschaften, 1958- |x 0080-3790 |g Band 60 (2018 [2019]), Seite 75-99 |w (DE-603)047289082 |w (DE-600)206126-0 |
| 924 | 0 | |9 2080 |a (DE-603)1131605578 |b DE-2080 |c HES |d d |g / | |


